000 00336 a2200157 4500
001 194636
020 _a978-85-08-17189-7
040 _cMagnum
100 _aSabino, Fernando
240 1 0 _aCara ou coroa?
_lpor
245 1 0 _aCara ou coroa?
300 _a120
362 0 _a2017
697 _aLITERATURA INFANTO-JUVENIL
942 _cBK
999 _c194636
_d194636